Numerisches rechnen : iteration, programmierung und algebraische Gleichungen
Αποθηκεύτηκε σε:
| Κύριος συγγραφέας: | |
|---|---|
| Μορφή: | Βιβλίο |
| Γλώσσα: | German |
| Δημοσίευση: |
Mannheim :
Bibliographisches Institut,
1962
|
| Σειρά: | B.I.-Hochschultaschenbücher
88 |
| Θέματα: | |
| Ετικέτες: |
Προσθήκη ετικέτας
Δεν υπάρχουν, Καταχωρήστε ετικέτα πρώτοι!
|
MARC
| LEADER | 00000cam a2200000 a 4500 | ||
|---|---|---|---|
| 001 | 1/106537 | ||
| 008 | 150526s1962####gw | ||| |||| ||ger|| | ||
| 040 | |a GR-MyUa |b gre |c GR-MyUa |e AACR2 | ||
| 041 | 0 | |a ger | |
| 082 | 7 | |a 519.4 |2 (23) | |
| 100 | 1 | |a Noble, Ben. | |
| 245 | 1 | 0 | |a Numerisches rechnen : |b iteration, programmierung und algebraische Gleichungen / |c von Ben Noble. |
| 260 | |a Mannheim : |b Bibliographisches Institut, |c 1962 | ||
| 300 | |a 154 σ. ; |c 19 εκ. | ||
| 490 | 1 | |a (B.I.-Hochschultaschenbücher) |v 88 | |
| 650 | 0 | |a Numerical analysis. | |
| 830 | 0 | |a B.I.-Hochschultaschenbücher |v 88 | |
| 852 | |a INST |b SAMOS |c MAG |e 20150526 |h 519.4 NOB |p 005300034624 |q 005300034624 |t BK |y 0 | ||
| 970 | |a Σιτζίμη |b Γιασεμή |z 2015/05/26 | ||